Catàleg de l'Exposició de mapes de Catalunya (Record no. 62061)

MARC details
000 -LEADER
campo de control de longitud fija 00971nam a2200229 i 4500
001 - NÚMERO DE CONTROL
campo de control 62061
003 - IDENTIFICADOR DE NÚMERO DE CONTROL
campo de control ES-MaACL
005 - FECHA Y HORA DE LA ÚLTIMA TRANSACCIÓN
campo de control 20251105063130.0
007 - CAMPO FIJO DE DESCRIPCIÓN FÍSICA--INFORMACIÓN GENERAL
campo de control de longitud fija t|
008 - DATOS DE LONGITUD FIJA--INFORMACIÓN GENERAL
campo de control de longitud fija 031117s1919 sp ||||1| cat d
100 1# - ENTRADA PRINCIPAL--NOMBRE DE PERSONA
Nombre de persona Faura i Sans, M.,
Fechas asociadas al nombre 1883-1941
9 (RLIN) 48954
245 10 - MENCIÓN DEL TÍTULO
Título Catàleg de l'Exposició de mapes de Catalunya
Resto del título : celebrada del 24 de gener al 15 de febrer de 1919 /
Mención de responsabilidad, etc. pel Dr. M. Faura i Sans ; amb la col·laboració de Dr. Jaume Marcet, Josep Franch.
260 ## - PUBLICACIÓN, DISTRIBUCIÓN, ETC.
Lugar de publicación, distribución, etc. Barcelona :
Nombre del editor, distribuidor, etc. [s.n.],
Fecha de publicación, distribución, etc. 1919.
300 ## - DESCRIPCIÓN FÍSICA
Extensión 49 p., XIV h. de lám :
Otras características físicas ;
Dimensiones 23 cm.
500 ## - NOTA GENERAL
Nota general Extret del Bulleti del Centre Excursioniste de Catalunya corresponent a Marc - julio de 1919.
594 ## - Nota al título y mención de responsabilidad
Nota al título y mención de responsabilidad Precede al tít.: Centre Excursionista de Catalunya, Secció de Geologia i Geografia Física.
651 #4 - PUNTO DE ACCESO ADICIONAL DE MATERIA--NOMBRE GEOGRÁFICO
Nombre geográfico Cataluña-
Subdivisión general Mapas.
9 (RLIN) 161204
700 0# - ENTRADA AGREGADA--NOMBRE PERSONAL
Nombre de persona Marcet y Riba, Jaime.
9 (RLIN) 76388
700 1# - ENTRADA AGREGADA--NOMBRE PERSONAL
Nombre de persona Franch, Josep.
9 (RLIN) 161203
852 ## - LOCALIZACIÓN
Ubicación ES-MaACL
Número de control de estantería 1577-F-32
Holdings
Estatus retirado Estado de pérdida Estado de daño No para préstamo Colección Biblioteca de origen Biblioteca actual Ubicación en estantería Fecha de adquisición Fuente de adquisición Total de préstamos Signatura topográfica completa Código de barras Visto por última vez Precio de reemplazo Tipo de ítem Koha
        Colección de folletos Biblioteca del Ateneo de Madrid Biblioteca del Ateneo de Madrid Depósito folletos 17/01/2008     1577-F-32 1065067 23/02/2023 23/02/2023 Folleto